Entry Nombre personal
001 - NÚMERO DE CONTROL
- campo de control: 242957
003 - IDENTIFICADOR DE NÚMERO DE CONTROL
- campo de control: ES-MaACL
005 - FECHA Y HORA DE LA ÚLTIMA TRANSACCIÓN
- campo de control: 20260330195341.0
008 - ELEMENTOS DE DATO DE LONGITUD-FIJA
- campo de control de longitud fija: 150302uuuuuuuuuuuuuu-|-o----u|----|eng-d
020 ## - NÚMERO INTERNACIONAL ESTÁNDAR DEL LIBRO
- Número Internacional Estándar del Libro: 1-336-02090-3
020 ## - NÚMERO INTERNACIONAL ESTÁNDAR DEL LIBRO
- Número Internacional Estándar del Libro: 0-8021-2335-X
024 7# - IDENTIFICADOR DE OTROS ESTÁNDARES
- Fuente: viaf
- Número estándar o código: http://viaf.org/viaf/6031
035 ## - NÚMERO DE CONTROL DEL SISTEMA
- Número de control de sistema: (CKB)2670000000598165
035 ## - NÚMERO DE CONTROL DEL SISTEMA
- Número de control de sistema: (MiAaPQ)EBC5599938
035 ## - NÚMERO DE CONTROL DEL SISTEMA
- Número de control de sistema: (BIP)049682021
035 ## - NÚMERO DE CONTROL DEL SISTEMA
- Número de control de sistema: (EXLCZ)992670000000598165
040 ## - FUENTE DE CATALOGACIÓN
- Centro catalogador/agencia de origen: ES-MaACL
046 ## - FECHAS CON CODIFICACIÓN ESPECIAL
- Fecha de nacimiento: 1934
- Fecha de la muerte: 2014
050 #0 - SIGNATURA TOPOGRÁFICA DE LA BIBLIOTECA DEL CONGRESO
- Número de clasificación: PS3552.A583
082 00 - SIGNATURA TOPOGRÁFICA DECIMAL DEWEY
- Número de clasificación: 811.54
- Número de edición: 23
100 1# - ENCABEZAMIENTO-NOMBRE DE PERSONA
- Nombre de persona: Baraka, Amiri,
- Fechas asociadas al nombre: 1934-2014
375 ## - GÉNERO/SEXO
- Género: Masculino
377 ## - IDIOMA ASOCIADO
- Código del idioma: eng
- Término de lengua/lenguaje: Inglés
400 1# - TRAZADO DE VÉASE--NOMBRE DE PERSONA
- Nombre de persona: Baraka, Ameer
- Fechas asociadas al nombre: 1934-2014
400 1# - TRAZADO DE VÉASE--NOMBRE DE PERSONA
- Nombre de persona: Imamu Amiri Baraka
- Fechas asociadas al nombre: 1934-2014
400 1# - TRAZADO DE VÉASE--NOMBRE DE PERSONA
- Nombre de persona: Jones, Everett
- Fechas asociadas al nombre: 1934-2014
400 1# - TRAZADO DE VÉASE--NOMBRE DE PERSONA
- Nombre de persona: Jones, Everett LeRoi
- Fechas asociadas al nombre: 1934-2014
400 1# - TRAZADO DE VÉASE--NOMBRE DE PERSONA
- Nombre de persona: Jones, LeRoi
- Fechas asociadas al nombre: 1934-2014
400 1# - TRAZADO DE VÉASE--NOMBRE DE PERSONA
- Nombre de persona: Jones, Lero
- Fechas asociadas al nombre: 1934-2014
670 ## - FUENTE DE DATOS ENCONTRADOS
- Cita de la fuente: Música negra, 1986
- Información encontrada: port. (Le Roi Jones)
670 ## - FUENTE DE DATOS ENCONTRADOS
- Cita de la fuente: Dic. de escritores célebres, 1995
- Información encontrada: (Jones, Everett; escritor estadounidense (1934); conocido también por los seud. "Leroy Jones" y "Imamu Amiri baraka")
670 ## - FUENTE DE DATOS ENCONTRADOS
- Cita de la fuente: WWW LC auth. file, 29-12-2000
- Información encontrada: (Baraka, Imamu Amiri, 1934-2014 )
700 1# - ENTRADA DE ENLACE DE ENCABEZAMIENTO ESTABLECIDO--NOMBRE DE PERSONA
- Nombre de persona: Vangelisti, Paul,
- Término indicativo de función/relación: editor.
- Relación: edt
